LEADER 01161nam2-2200373---450 001 990005619000203316 005 20190403124935.0 035 $a000561900 035 $aUSA01000561900 035 $a(ALEPH)000561900USA01 035 $a000561900 100 $a20001212d1995----|||y0itaa50------ba 101 $ager 102 $ade 105 $az 00||| 200 1 $aFruher Idealismus und Fruhromantik$eder Streit um die Grundlagen der Aesthetik$e1795 - 1805. Quellenband$fhrsg. von Walter Jaeschke 210 $aHamburg$cMeiner$dcopyr. 1995 215 $aXVII, 454 p.$d23 cm. 461 0$1001000561901$12001$aPhilosophisch-literarische Streitsachen$v1.1 606 $aRomanticismo$xEstetica$2F 620 $dHAMBURG 676 $a801.9 702 1$aJAESCHKE,$bWalter 801 0$aIT$bSA$c20111219 912 $a990005619000203316 950 0$aDipar.to di Filosofia - Salerno$dDFBB 801.9 PLS$e3466 FIL 951 $aBB 801.9 PLS$b3466 FIL 959 $aBK 969 $aFIL 979 $c20121027$lUSA01$h1525 979 $c20121027$lUSA01$h1614 996 $aFrüher idealismus und Frühromantik$9485927 997 $aUNISA NUM $aSA0005464